000 01342nam a2200337Ia 4500
001 ebr10057197
003 CaPaEBR
006 m u
007 cr cn|||||||||
008 960828s1997 enka sb 001 0 eng d
010 _z 96043153
020 _z020308179X
020 _z0415156173 (alk. paper)
040 _aCaPaEBR
_cCaPaEBR
035 _a(OCoLC)560363954
050 1 4 _aKNX2484.5
_b.W55 1997eb
082 0 4 _a344.52/04197
_a347.2044197
_220
100 1 _aWilliams, Noel,
_d1957-
245 1 4 _aThe right to life in Japan
_h[electronic resource] /
_cNoel Williams.
260 _aLondon ;
_aNew York :
_bRoutledge,
_c1997.
300 _ax, 170 p. :
_bill.
490 1 _aThe Nissan Institute/Routledge Japanese studies series
504 _aIncludes bibliographical references (p. [150]-165) and index.
533 _aElectronic reproduction.
_bPalo Alto, Calif. :
_cebrary,
_d2009.
_nAvailable via World Wide Web.
_nAccess may be limited to ebrary affiliated libraries.
650 0 _aRight to life
_zJapan.
650 0 _aJapanese
_xDeath
_xPhilosophy.
655 7 _aElectronic books.
_2local
710 2 _aebrary, Inc.
830 0 _aNissan Institute/Routledge Japanese studies series.
856 4 0 _uhttp://site.ebrary.com/lib/rucke/Doc?id=10057197
_zAn electronic book accessible through the World Wide Web; click to view
999 _c71437
_d71437